| 000 | 00805nam a22001337a 4500 | ||
|---|---|---|---|
| 040 | _cRUA | ||
| 082 | _aAGR LAC 2010 B044 Or.1 | ||
| 100 | _aLACH, RAVY. | ||
| 245 | _aSuitable timing for pellet compost application on chinese kale at crop station of royal university of agriculture ពេលវេលាសមស្របសំរាប់ការដាក់ជីកំប៉ុស្ដិ៍គ្រាប់ទៅលើដំណាំខាត់ណាដើមនៅស្ថានីយ៍ពិសោធន៍ដំណាំនៃសាកលវិទ្យាល័យភូមិន្ទកសិកម្ម | ||
| 260 |
_aPhnom Penh _bRUA _c2010 |
||
| 300 |
_ax; 41p. _bill. _c29cm. |
||
| 856 | _uhttps://drive.google.com/file/d/1E8KO2E9ObgZSosMfrMhOm5mVrEFJZ65O/view?usp=sharing | ||
| 942 | _cAGR | ||
| 999 |
_c1024 _d1024 |
||